Canoë-Kayak 2023 : De quel pays est originaire le champion du monde ? - Statistiques

Statistiques générales
  • Ce quiz a été pris 7 fois
  • Le résultat moyen est 16 sur 65
Statistiques - réponses
Hint Réponse % Correct
C1 Championnat du monde de descente F France
57%
C1 par équipe Championnat du monde de descente F France
57%
K4 500 m Championnat du monde de course en ligne F Nouvelle-Zélande
57%
K1 1000 m Championnat du monde de course en ligne H Portugal
57%
K4 500 m Championnat du monde de course en ligne H Allemagne
43%
XK2 500 m Championnat du monde de course en ligne Mixte Allemagne
43%
K1 Championnat du monde de marathon H Danemark
43%
K2 1000 m Championnat du monde de course en ligne H Espagne
43%
K1 par équipe Championnat du monde de descente F France
43%
C1 Championnat du monde de descente H France
43%
K1 500 m Championnat du monde de course en ligne H Hongrie
43%
K1 500 m Championnat du monde de course en ligne F Nouvelle-Zélande
43%
C1 par équipe Championnat du monde de descente H Allemagne
29%
Kayak-polo Séniors Championnat du monde de Kayak-polo H Allemagne
29%
Kayak-polo Séniors Championnat du monde de Kayak-polo F Allemagne
29%
K1 Championnat du monde de slalom F Australie
29%
K1 par équipe Championnat du monde de slalom F Australie
29%
K1 5000 m Championnat du monde de course en ligne H Danemark
29%
C1 Championnat du monde de marathon H Espagne
29%
C4 500 m Championnat du monde de course en ligne H Espagne
29%
C2 par équipe Championnat du monde de descente H France
29%
C1 par équipe Championnat du monde de slalom H France
29%
K1 Championnat du monde de marathon F Hongrie
29%
K1 200 m Championnat du monde de course en ligne F Nouvelle-Zélande
29%
K1 sprint Championnat du monde de marathon H Portugal
29%
K2 Championnat du monde de marathon H Portugal
29%
K2 500 m Championnat du monde de course en ligne H Portugal
29%
C1 Championnat du monde de slalom F Royaume-Uni
29%
K1 Championnat du monde de slalom H Royaume-Uni
29%
Slalom extrême Championnat du monde de slalom H Royaume-Uni
29%
Slalom extrême Championnat du monde de slalom F Royaume-Uni
29%
K1 Championnat du monde de descente F Tchéquie
29%
K1 par équipe Championnat du monde de slalom H Tchéquie
29%
C2 500 m Championnat du monde de course en ligne H Allemagne
14%
K1 1000 m Championnat du monde de course en ligne F Australie
14%
C1 500 m Championnat du monde de course en ligne F Canada
14%
C1 5000 m Championnat du monde de course en ligne F Canada
14%
XC2 500 m Championnat du monde de course en ligne Mixte Canada
14%
C1 1000 m Championnat du monde de course en ligne F Chili
14%
C2 500 m Championnat du monde de course en ligne F Chine
14%
C4 500 m Championnat du monde de course en ligne F Chine
14%
C1 200 m Championnat du monde de course en ligne F Cuba
14%
K2 500 m Championnat du monde de course en ligne F Danemark
14%
C1 sprint Championnat du monde de marathon H Espagne
14%
C2 Championnat du monde de marathon H Espagne
14%
K1 5000 m Championnat du monde de course en ligne F Espagne
14%
Kayak-polo Espoir Championnat du monde de Kayak-polo H Espagne
14%
C2 Championnat du monde de descente F France
14%
C1 sprint Championnat du monde de marathon F Hongrie
14%
K2 Championnat du monde de marathon F Hongrie
14%
C1 5000 m Championnat du monde de course en ligne H Hongrie
14%
C2 1000 m Championnat du monde de course en ligne H Italie
14%
K1 200 m Championnat du monde de course en ligne H Lituanie
14%
Kayak-polo Espoir Championnat du monde de Kayak-polo F Nouvelle-Zélande
14%
C1 200 m Championnat du monde de course en ligne H Ouzbékistan
14%
K2 200 m Championnat du monde de course en ligne F Pologne
14%
C1 500 m Championnat du monde de course en ligne H Roumanie
14%
C1 par équipe Championnat du monde de slalom F Royaume-Uni
14%
K1 Championnat du monde de descente H Slovénie
14%
K1 par équipe Championnat du monde de descente H Slovénie
14%
C1 Championnat du monde de slalom H Slovénie
14%
K1 sprint Championnat du monde de marathon F Suède
14%
C2 Championnat du monde de descente H Tchéquie
14%
C1 1000 m Championnat du monde de course en ligne H Tchéquie
14%
C1 Championnat du monde de marathon F Ukraine
14%
Aucun quiz correspondant
Distribution des résultats
% des personnes avec chaque résultat
Percentile par nombre de réponses
Votre historique - résultats
Vous n’avez pas pris ce quiz